Introduction to psychological research (Record no. 1350779)

MARC details
000 -LEADER
fixed length control field 00639nam a2200217Ia 4500
005 - DATE AND TIME OF LATEST TRANSACTION
control field 20250508154528.0
008 - FIXED-LENGTH DATA ELEMENTS--GENERAL INFORMATION
fixed length control field 008 250505s9999 xx 000 0 eng d
037 ## - SOURCE OF ACQUISITION
Stock number Books to be hide in OPAC
040 ## - CATALOGING SOURCE
Original cataloging agency FEDL
Language of cataloging eng
Transcribing agency FEDL
041 ## - LANGUAGE CODE
Language code of text/sound track or separate title eng
Source of code eng
084 ## - COLON CLASSIFICATION NUMBER
Classification number 001.42, SCO
Assigning agency FEDL
100 ## - MAIN ENTRY--PERSONAL NAME
Personal name Scott William A
245 #0 - TITLE STATEMENT
Title Introduction to psychological research
260 ## - PUBLICATION, DISTRIBUTION, ETC.
Place of publication, distribution, etc. New York, USA
Name of publisher, distributor, etc. John Wiley and Sons
Date of publication, distribution, etc. 1962
300 ## - PHYSICAL DESCRIPTION
Extent xiii,445p.
365 ## - TRADE PRICE
Price type code INR
Price amount 425
650 ## - SUBJECT ADDED ENTRY--TOPICAL TERM
Topical term or geographic name entry element Psychological Research
9 (RLIN) 765587
700 ## - ADDED ENTRY--PERSONAL NAME
Personal name Wertheimer Michael
9 (RLIN) 765588
942 ## - ADDED ENTRY ELEMENTS (KOHA)
Koha item type Books to be hide in OPAC
Classification part 001.42, SCO
Holdings
Withdrawn status Lost status Damaged status Not for loan Home library Current library Date acquired Cost, normal purchase price Total Checkouts Full call number Barcode Date last seen Price effective from Koha item type
        Department of Education Library Department of Education Library 2025-05-08 425.00   001.42, SCO EL0034832 2025-05-08 2025-05-08 Books to be hide in OPAC
Copyright @ Delhi University Library System